Conservative Dentistry : (Record no. 35121)
[ view plain ]
| 000 -LEADER | |
|---|---|
| fixed length control field | 00543nam a22001817a 4500 |
| 005 - DATE AND TIME OF LATEST TRANSACTION | |
| control field | 20240131121850.0 |
| 008 - FIXED-LENGTH DATA ELEMENTS--GENERAL INFORMATION | |
| fixed length control field | 240126b |||||||| |||| 00| 0 eng d |
| 020 ## - INTERNATIONAL STANDARD BOOK NUMBER | |
| ISBN | 9788131234037 |
| 082 ## - DEWEY DECIMAL CLASSIFICATION NUMBER | |
| Classification number | 617.634 |
| Item number | GUP-C |
| 100 ## - MAIN ENTRY--AUTHOR | |
| Author Name | Gupta, Ruchi. |
| 245 ## - TITLE STATEMENT | |
| Title | Conservative Dentistry : |
| Remainder of title | Exam preparatory manual for undergraduates / |
| Statement of responsibility, etc. | Ruchi Gupta; Vijay Prakash. |
| 260 ## - PUBLICATION, DISTRIBUTION, ETC. | |
| Place of Publication | India : |
| Name of publisher, distributor, etc. | Elsevier; |
| Date of publication, distribution, etc. | 2013. |
| 300 ## - PHYSICAL DESCRIPTION | |
| Pages | ix, 521 p. : |
| 500 ## - GENERAL NOTE | |
| General note | include index. |
| 650 ## - SUBJECT ADDED ENTRY--TOPICAL TERM | |
| Subject / Department | Medical/Dentistry |
| 700 ## - ADDED ENTRY--PERSONAL NAME | |
| Personal name | Vijay Prakash |
| 300 ## - PHYSICAL DESCRIPTION | |
| -- | ill; |
| -- | 23 cm. |
| 952 ## - LOCATION AND ITEM INFORMATION (KOHA) | |
| -- | 0 |
| -- | 0 |
| 952 ## - LOCATION AND ITEM INFORMATION (KOHA) | |
| -- | 0 |
| -- | 0 |
| 952 ## - LOCATION AND ITEM INFORMATION (KOHA) | |
| -- | 0 |
| -- | 0 |
| 952 ## - LOCATION AND ITEM INFORMATION (KOHA) | |
| -- | 0 |
| -- | 0 |
| 952 ## - LOCATION AND ITEM INFORMATION (KOHA) | |
| -- | 0 |
| -- | 0 |
| Lost status | Damaged status | Collection code | Permanent Location | Current Location | Shelving Location | Date acquired | Full Call Number | Accession No./Barcode | Date last seen | Copy number | item type | Koha item type |
|---|---|---|---|---|---|---|---|---|---|---|---|---|
| Architecture | Superior Information Resource Center (SIRC) Superior University- Central Library | Superior Information Resource Center (SIRC) Superior University- Central Library | Medical | 01/26/2024 | 617.634 GUP-C 2013 | 13257 | 01/26/2024 | 1 | BOOK | BOOK | ||
| Architecture | Superior Information Resource Center (SIRC) Superior University- Central Library | Superior Information Resource Center (SIRC) Superior University- Central Library | Medical | 01/26/2024 | 617.634 GUP-C 2013 | 13258 | 01/26/2024 | 2 | BOOK | BOOK | ||
| Architecture | Superior Information Resource Center (SIRC) Superior University- Central Library | Superior Information Resource Center (SIRC) Superior University- Central Library | Medical | 01/26/2024 | 617.634 GUP-C 2013 | 13259 | 01/26/2024 | 3 | BOOK | BOOK | ||
| Architecture | Superior Information Resource Center (SIRC) Superior University- Central Library | Superior Information Resource Center (SIRC) Superior University- Central Library | Medical | 01/26/2024 | 617.634 GUP-C 2013 | 13260 | 01/26/2024 | 4 | BOOK | BOOK | ||
| Architecture | Superior Information Resource Center (SIRC) Superior University- Central Library | Superior Information Resource Center (SIRC) Superior University- Central Library | Medical | 01/26/2024 | 617.634 GUP-C 2013 | 13261 | 01/26/2024 | 5 | BOOK | BOOK |
